000
00287pam a2200145 a 4500
020
_c
041
_a
eng
082
_b
KAR
100
_a
KARNAD GIRISH.
245
_a
TUGHLAQ
_h
Textual Documents
250
_a
2003.
260
_a
[s.l]:
_b
Oxford Uni
300
_a
86p.
930
_a
2231
999
_c
79155
_d
79155